| 000 | 00642nam a22002057a 4500 | ||
|---|---|---|---|
| 003 | OSt | ||
| 005 | 20151021152928.0 | ||
| 008 | 130921t xxu||||| |||| 00| 0 eng d | ||
| 020 | _a9782894296608 | ||
| 050 |
_aPZ 8 _b.K92l 1995 |
||
| 082 |
_aGS 398.21 _bK87 1995 |
||
| 100 |
_aKrenz, Carol _921372 |
||
| 245 |
_aThe little mermaid / _cText by carol Krenz ; illustrations Zapp Graphic Design. |
||
| 260 |
_aQuebee, Canada : _bTormont Publications Inc, _c1995. |
||
| 300 |
_a61 p. : _bill. col. ; _c27 cm. |
||
| 650 |
_aMermaids stories _xFiction _921375 |
||
| 650 |
_aSea stories _xFiction _921376 |
||
| 942 |
_2lcc _cBK |
||
| 999 |
_c11963 _d11963 |
||